LEADER 01783oam 2200517I 450 001 9910709867803321 005 20180828123735.0 035 $a(CKB)5470000002473577 035 $a(OCoLC)1046085998 035 $a(OCoLC)995470000002473577 035 $a(EXLCZ)995470000002473577 100 $a20180727d1982 ua 0 101 0 $aeng 135 $aur||||||||||| 181 $ctxt$2rdacontent 182 $cc$2rdamedia 183 $acr$2rdacarrier 200 14$aThe modeling of the solar upper photosphere and lower chromosphere based upon ATM data $efinal technical report /$fJames N. Heasley 210 1$aMarshall Space Flight Center, Alabama :$cGeorge C. Marshall Space Flight Center,$d[1982?] 215 $a1 online resource (5 pages) 225 1 $aNASA/CR ;$v170641 300 $a"Institute for Astronomy, University of Hawaii." 320 $aIncludes bibliographical references (page 5). 517 $aModeling of the solar upper photosphere and lower chromosphere based upon ATM data 606 $aPhotosphere$2nasat 606 $aAtmospheric models$2nasat 606 $aDigital data$2nasat 606 $aPhotographs$2nasat 606 $aH lines$2nasat 615 7$aPhotosphere. 615 7$aAtmospheric models. 615 7$aDigital data. 615 7$aPhotographs. 615 7$aH lines. 700 $aHeasley$b James N.$01388307 712 02$aGeorge C. Marshall Space Flight Center, 712 02$aUniversity of Hawaii at Manoa.$bInstitute for Astronomy. 801 0$bGPO 801 1$bGPO 801 2$bGPO 801 2$bMERUC 801 2$bGPO 906 $aBOOK 912 $a9910709867803321 996 $aThe modeling of the solar upper photosphere and lower chromosphere based upon ATM data$93438798 997 $aUNINA LEADER 01445nas 2200493- 450 001 9911003573803321 005 20250228125844.0 011 $a2212-9588 035 $a(DE-599)ZDB2727661-2 035 $a(OCoLC)861351442 035 $a(CKB)3710000000382538 035 $a(CONSER)--2013247788 035 $a(EXLCZ)993710000000382538 100 $a20131024a20149999 --- - 101 0 $aeng 135 $aur||||||||||| 181 $ctxt$2rdacontent 182 $cc$2rdamedia 183 $acr$2rdacarrier 200 00$aAdvances in integrative medicine 210 1$a[Philadelphia, PA] :$cElsevier,$d[2014]- 215 $a1 online resource 300 $aRefereed/Peer-reviewed 311 08$a2212-9596 517 1 $aAIMED 531 $aAIMED 606 $aIntegrative medicine$vPeriodicals 606 $aAlternative medicine$vPeriodicals 606 $aIntegrative Medicine 606 $aAlternative medicine$2fast$3(OCoLC)fst00806153 606 $aIntegrative medicine$2fast$3(OCoLC)fst00975672 608 $aPeriodical. 608 $aPeriodicals.$2fast 608 $aPeriodicals.$2lcgft 615 0$aIntegrative medicine 615 0$aAlternative medicine 615 2$aIntegrative Medicine 615 7$aAlternative medicine. 615 7$aIntegrative medicine. 676 $a615.5 906 $aJOURNAL 912 $a9911003573803321 996 $aAdvances in integrative medicine$91494222 997 $aUNINA